Motivation
Kaydedildi:
| Materyal Türü: | Kitap |
|---|---|
| Dil: | Undetermined |
| Baskı/Yayın Bilgisi: |
England
Penguin Book
1966
|
| Konular: | |
| Etiketler: |
Etiketle
Etiket eklenmemiş, İlk siz ekleyin!
|
| Thư viện lưu trữ: | Trung tâm Học liệu Trường Đại học Cần Thơ |
|---|
| LEADER | 00450nam a2200169Ia 4500 | ||
|---|---|---|---|
| 001 | CTU_90061 | ||
| 008 | 210402s9999 xx 000 0 und d | ||
| 082 | |a 152.5 | ||
| 082 | |b M918 | ||
| 245 | 0 | |a Motivation | |
| 245 | 0 | |c Dalbir Bindrra, Jane Stewart edited | |
| 260 | |a England | ||
| 260 | |b Penguin Book | ||
| 260 | |c 1966 | ||
| 650 | |a Motivation (psychology) | ||
| 904 | |i Trọng Hải | ||
| 980 | |a Trung tâm Học liệu Trường Đại học Cần Thơ | ||